000 00487nam a22001697a 4500
005 20251108171831.0
008 250721s1988 xx 000 0 ara d
082 1 4 _aط/ق/مجد
100 1 _aصابر، مجدي
245 1 0 _aالأمير المغرور /
264 1 _aبيروت :
_bدار البحار،
_c1988.
300 _a56ص : مص
490 0 _aالمكتبة الخضراء للأطفال ، 2
650 1 7 _aقصص الأطفال
942 _2ddc
_cBK
999 _c63795
_d63795